Personajes de Brawl Stars - Brawlers - Estadísticas

Estadísticas generales
  • Esta prueba ha sido intentada 48 veces
  • La puntuación promedio es 57 de 102
Estadísticas de respuestas
Hint Respuesta % Correcto
Especial Bull
95%
Inicial Shelly
95%
Especial Colt
90%
Especial Nita
90%
Épico Bibi
81%
Legendario Crow
81%
Legendario Leon
81%
Mítico Mortis
81%
Especial Poco
81%
Legendario Spike
81%
Especial Barley
76%
Especial El Primo
76%
Épico Pam
76%
Épico Piper
76%
Ultralegendario Sirius
76%
Especial Brock
71%
Legendario Kit
71%
Superespecial Rico
71%
Especial Rosa
71%
Superespecial Tick
71%
Mítico Buzz
67%
Legendario Cordelius
67%
Superespecial Darryl
67%
Superespecial Dynamike
67%
Épico Edgar
67%
Superespecial Jessie
67%
Legendario Kenji
67%
Legendario Sandy
67%
Mítico Byron
62%
Épico Colette
62%
Épico Emz
62%
Épico Gale
62%
Mítico Genio
62%
Mítico Juju
62%
Ultralegendario Kaze
62%
Mítico Lou
62%
Superespecial Penny
62%
Legendario Surge
62%
Mítico Tara
62%
Legendario Amber
57%
Épico Angelo
57%
Épico Bo
57%
Legendario Draco
57%
Mítico Fang
57%
Épico Frank
57%
Épico Sam
57%
Mítico Señor P.
57%
Épico Bea
52%
Épico Berry
52%
Limitado Buzz Lightyear
52%
Superespecial Carl
52%
Legendario Chester
52%
Mítico Gigi
52%
Superespecial Gus
52%
Superespecial Jacky
52%
Épico Larry y Lawrie
52%
Mítico Lily
52%
Épico Mandy
52%
Mítico Max
52%
Legendario Meg
52%
Épico Pearl
52%
Legendario Pierce
52%
Mítico Buster
48%
Épico Grom
48%
Mítico Janet
48%
Épico Maisie
48%
Mítico Melodie
48%
Mítico Mico
48%
Mítico Mina
48%
Épico Nani
48%
Mítico R-T
48%
Mítico Ruffs
48%
Épico Stu
48%
Superespecial 8-Bit
43%
Épico Ash
43%
Épico Belle
43%
Épico Bonnie
43%
Mítico Chuck
43%
Mítico Clancy
43%
Mítico Doug
43%
Mítico Finx
43%
Mítico Gray
43%
Épico Hank
43%
Mítico Ollie
43%
Mítico Charlie
38%
Épico Griff
38%
Épico Lola
38%
Mítico Lumi
38%
Épico Meeple
38%
Mítico Moe
38%
Mítico Najia
38%
Mítico Otis
38%
Épico Shade
38%
Épico Trunk
38%
Mítico Willow
38%
Mítico Alli
33%
Mítico Eve
33%
Mítico Glowy
33%
Mítico Jae-Yong
33%
Mítico Sprout
33%
Mítico Squeak
33%
Mítico Ziggy
29%
No se encontraron pruebas coincidentes
Distribución de puntuación
Porcentaje de gente con cada puntuación
Porcentaje por número respondido
Historial de tus puntuaciones
No has intentado esta prueba.